Role and importance of European Union in economic diplomacy
Príspevok chce prispieť k lepšiemu chápaniu hospodárskej diplomacie Európskej únie. Úloha EÚ v dôležitých rozhodovacích a rokovacích procesoch. Fungovanie hospodárskej diplomacie v medzinárodných rokovaniach a vzťahoch, preferencie politiky Európskej únie. Práca sa najmä zameriava na identifikovani...
Saved in:
| Main Author: | |
|---|---|
| Format: | Book Chapter |
| Language: | English |
| Subjects: | |
| Tags: |
No Tags, Be the first to tag this record!
|
MARC
| LEADER | 00000nla a2200000 4500 | ||
|---|---|---|---|
| 001 | 0175943 | ||
| 005 | 20240502073013.0 | ||
| 041 | 0 | |a eng | |
| 044 | |a SK | ||
| 245 | 1 | 0 | |a Role and importance of European Union in economic diplomacy |c Ján Strelinger |
| 520 | |a Príspevok chce prispieť k lepšiemu chápaniu hospodárskej diplomacie Európskej únie. Úloha EÚ v dôležitých rozhodovacích a rokovacích procesoch. Fungovanie hospodárskej diplomacie v medzinárodných rokovaniach a vzťahoch, preferencie politiky Európskej únie. Práca sa najmä zameriava na identifikovanie faktorov, ktoré determinujú konkrétnu úlohu Európskej únie. Najdôležitejšou otázkou je definovať, čo určuje efektívnosť hospodárskej diplomacie Európskej únie. | ||
| 610 | 2 | 0 | |a diplomacia hospodárska |
| 610 | 2 | 0 | |a Európska únia |
| 610 | 2 | 0 | |a efektívnosť |
| 610 | 2 | 0 | |a vzťahy hospodárske medzinárodné |
| 100 | 1 | |a Strelinger, Ján, 1964- | |